000
00492nam a2200181Ia 4500
008
090123s9999 xx 000 0 und d
082
_b
39213
100
_a
चौगुले सहदेव
245
_a
पाथेय
250
_a
1
260
_b
अजब प्रकाशन
_c
2006
300
_a
112
600
_a
चौगुले सहदेव
630
_a
पाथेय
700
_a
चौगुले सहदेव
730
_a
पाथेय
942
_c
BOOK
999
_c
77275
_d
77275